Statistics for U.S. Geography Ending in I

Click here to take the quiz!

General Stats

  • This quiz has been taken 84 times
  • The average score is 8 of 14

Answer Stats

HintAnswer% Correct
Longest riversMississippi
96%
Tallest mountainDenali
94%
Largest island (or its state)Hawai‘i
92%
Longest riversMissouri
90%
Ohio's third-biggest cityCincinnati
84%
Florida city or Ohio valleyMiami
84%
Texas Gulf Coast cityCorpus Christi
68%
Common nickname for the most populous stateCali
64%
Gulf Coast city between Mobile and New OrleansBiloxi
52%
Reservation enclaved by the Navajo NationHopi
35%
Virginia river formed by the confluence of the Mat, Ta, Po, and Ni riversMattaponi
25%
Michigan city with the first Domino's PizzaYpsilanti
21%
Pueblo near Gallup, New MexicoZuni
13%
Hub city of Utah's "Silicon Slopes"Lehi
8%

Score Distribution

Percentile by Number Answered

Percent of People with Each Score

Your Score History

You have not taken this quiz